000 00608nam a22002057a 4500
999 _c12501
_d12501
003 AR-CdUCM
008 190409b ||||| |||| 00| 0 spa d
040 _aMUNICIPALIDAD PROVINCIAL DEL CUSCO
_cBIBLIOTECA MUNICIPAL DEL CUSCO
082 _aC / 869.56 /
_bZ24
100 _aZamalloa Aragón, Demetrio
_930369
245 _aArza :
_bPoemas de ayer i de hoy /
260 _aCusco :
_c1983.
300 _a502 páginas :
_c21 cm.
505 _aContenido: Poemas.
650 _aLiteratura Peruana
_9132
650 _aSiglo XX
_98
650 _aPoemas
_9929
942 _2ddc
_cLIBROS
945 _aachl
_d2019-04-09